000 00883nas a2200265 4500
001 BR9207957
003 BR-BrBNA
005 20231205093050.0
007 ta
008 230509b bl.|||p| |||| 00| 00por d
040 _aBR-BrBNA
_bpor
_cBiblioteca Nacional de Agricultura
041 _a(Pt)
072 _aL73
100 1 _aOliveira, A.A. de
100 1 _aPedreira, P.A.S.
100 1 _aAlmeida, M. de F.R.S. de
245 1 _aDoencas de bezerros. 1: diarreias bacterianas no estado de Sergipe, Brasil
246 1 _aCalves diseases. 1: bacteriological diarrhoea in the state of Sergipe, Brazil
650 _aBEZERRO
650 _aDIARREIA
650 _aSERGIPE
773 0 _tArquivo Brasileiro de Medicina Veterinaria e Zootecnia (Brazil)
_xISSN 0102-0935
_g(Jun 1989), v. 41(3) p. 213-222
_wBR9207957
909 _a202311
_bLúcia
_c55
_dLúcia Elande
942 _2AGRIS
_n0
_cANA
999 _c135996
_d135996